Регионална библиотека "Любен Каравелов" - Русе

Неповторимо време (Запис номер 352662)

MARC детайли
000 -Лидер
Контролно поле с фиксирана дължина nam a22 a 4500
003 - Код на организацията, давaща контролен номер
Контролно поле BLK
005 - Дата и час на последна редакция
Контролно поле 20200408155935.0
008 - Елементи от данни с фиксирана дължина
fixed length control field 200408b bu ||||| |||| 00| 0 bu d
040 ## - Източник на каталожния запис
Идентификатор на билиотеката - собственик на записа BLK
041 ## - Код за език
Код за езика на текст/звукозапис или на отделно заглавие Български
Код за езика КДБФ Български
080 ## - УДК
Текстов определител УДК Циклично движение в стопанството. Конюнктура. Разширяване и отслабване на стопанската дейност
УДК код - определител по УДК 338.12
УДК - код + определител 338.12
100 ## - Редна дума - Автор
R(LIN) 404185
Автор Христов, Върбан Г.
Авторска отговорност първи автор
139 ## - Редно поле
Редна дума Христов, Върбан Г.
Авторски знак Хрис - Х 77
245 ## - Сведения за заглавието
Заглавие Неповторимо време
Подзаглавни данни Спомени
Редно поле (дума) Върбан Христов ; [С послесл. от Михаил Минков]
257 ## - Страна на издаване
Страна на създаване/издаване България
260 ## - Област на издателските данни
9 (RLIN) 210038
Място на издаване, разпространение и проч. София
Име на издателя, разпространителя и проч. ОФ
Година на издаване 1987
Печатница Враца : В. Александров
300 ## - Физическа характеристика
Страници 215 с.
Илюстрации и др. 16 л. : ил., портр.
Размери/Мащаб 20 см
380 ## - Жанр
Жанр Обществени науки
650 #0 - Допълнително описание по предмет – тема
9 (RLIN) 250844
Основно описание – тема или топоним ТКЗС - България
650 #0 - Допълнително описание по предмет – тема
9 (RLIN) 270886
Основно описание – тема или топоним Спомени
700 ## - Други автори (авторска отговорност)
9 (RLIN) 958
Лично име Минков, Михаил
Автороска отговорност (Описва отношението между автора и произведението) послесл.
852 ## - Местоположение
Форматна сигнатура Цб 148897
Фондова буква Хранилище
999 ## - СИСТЕМНИ КОНТРОЛНИ НОМЕРА
Koha biblionumber 352662
Koha biblioitemnumber 352662
942 ## - АРТИКУЛИ
Вид на библиотечния материал Книги
Скрит в OPAC Не
Периодичен библиозапис Да
944 ## - СЪЗДАВАНЕ И РЕДАКЦИЯ на ЗАПИСА
Служител, извършил регистрацията/редакцията Д. Г.
Статус, дата на статуса 2020-04-08
Наличности
Код за отписване Код за изгубен артикул Източник на класификационната схема Код за повреда Коз за рестрикции Код за отдаване Артикулен № Име на библиотеката - собственик Име на библиотеката, в която се намира в момента Статус (Текущо местоположение) Дата на вписване в системата Местоположение - отдел Цена в лева Инвентарен номер Систематично азбучна сигнатура Баркод Цена в евро Служебен тип на артикула
  Не е изгубен Universal Decimal Classification Не е повреден само за читалня ползва се в читалня 760215 Регионална библиотека "Любен Каравелов" Русе Регионална библиотека "Любен Каравелов" Русе Хранилище 2020-04-10 Хранилище 1.21 480441 Цб 148897 120000480441 0.62 Книги
Vip Innovations Ltd, Rousse, Bulgaria 2025